Catalog

Record Details

Catalog Search



The Islamic view of Major Christian Teachings :  The Role of Jesus christ, Sin, Faith and Forgiveness /  Christine Schirrmacher Cover Image Book Book

The Islamic view of Major Christian Teachings :  The Role of Jesus christ, Sin, Faith and Forgiveness /  Christine Schirrmacher

Record details

  • ISBN: 3-928936-60-3
  • Physical Description: 124 s.
  • Edition: First Published
  • Publisher: Hamburg :   Reformatorischer Verlag Beese ,  2001

Available copies

  • 1 of 1 copy available at Common Catalog SPOK.

Holds

  • 0 current holds with 1 total copy.
Show Only Available Copies
Location Call Number / Copy Notes Barcode Shelving Location Status Due Date
ETS Library 297 424470020505 Volný výběr Available -

LDR nam a22 i 4500
00156879
003CZ-PrJAB
00520240112203324.0
007ta
008240112s2001 ge e 000 0 eng
020 . ‡a3-928936-60-3
040 . ‡aABG450 ‡bcze ‡erda
08214. ‡a297
1001 . ‡aSchirrmacher, Christine ‡4aut
24510. ‡aThe Islamic view of Major Christian Teachings :  ‡bThe Role of Jesus christ, Sin, Faith and Forgiveness /  ‡nChristine Schirrmacher
250 . ‡aFirst Published
264 1. ‡a Hamburg :   ‡bReformatorischer Verlag Beese ,  ‡c2001
300 . ‡a124 s.
336 . ‡atext ‡btxt ‡2rdacontent
338 . ‡asvazek ‡bnc ‡2rdacarrier
910 . ‡aABG450
901 . ‡a56879 ‡bAUTOGEN ‡c56879 ‡tbiblio

Additional Resources